|
|
|
|
| LEADER |
00839cam a2200217 u 4500 |
| 001 |
10078954 |
| 003 |
upatras |
| 005 |
20220125083745.0 |
| 008 |
090915s1983 gr a f 1 1 gre |
| 952 |
|
|
|0 0
|1 0
|2 ddc
|4 0
|6 889_330000000000000_ΠΑΠ
|7 0
|9 207522
|a LISP
|b LISP
|c BSC
|d 2016-11-22
|i 088288
|l 0
|o 889.33 ΠΑΠ
|p 025000151316
|r 2016-11-22 00:00:00
|t 1
|w 2016-11-22
|y BK15
|
| 999 |
|
|
|c 126188
|d 126188
|
| 040 |
|
|
|a GR-PaULI
|c GR-PaULI
|b gre
|
| 041 |
|
|
|a
|a
|h
|
| 082 |
1 |
4 |
|a 889.33
|2
|
| 100 |
|
|
|a Παπαπέτρου, Ανάστος
|9 157269
|e συγγραφέας
|
| 245 |
1 |
0 |
|a Συνοριακό επεισόδειο :
|b τέσσερις νουβέλες /
|c Ανάστος Παπαπέτρου
|
| 260 |
|
|
|a Αθήνα :
|b Κέδρος,
|c 1983
|
| 300 |
|
|
|a 125 σ. :
|b
|c 21 εκ.
|
| 504 |
|
|
|a
|
| 942 |
|
|
|2 ddc
|c BK15
|
| 998 |
|
|
|c ΜΠΟΥΡΑΣ
|d 2016-11
|